Aprendizage de la escritura y dibujo

Gespeichert in:
Bibliographische Detailangaben
1. Verfasser: Julio Algora
Format: keine Angabe
Sprache:Spanisch
Erschienen: Burgos Santiago Rodriguez 1977
Katalog:MANES:  Suchergebnis im Bibliothekskatalog
Schulbuchspezifische Eigenschaften:
Schriftenreihe:Cuadernos amiguitos
Tags: Tag hinzufügen
Keine Tags, Fügen Sie den ersten Tag hinzu!
Hinzugefügt zu:26.04.2016
Geändert in:25.04.2025

MARC

LEADER 000000000a22000000004500
001 36950
003 OSt
005 20250425110759.0
008 160427s sp ||||| |||| 00| 0 spa d
041 |a Español 
561 |5 pt-MJD  |a Portugal. Museu João de Deus  |k MANES 
691 |a PRI 
100 1 |a Julio Algora  |9 19060 
245 0 0 |a Aprendizage de la escritura y dibujo 
260 3 |a Burgos  |b Santiago Rodriguez  |c 1977 
300 |a 15 p. 
440 |a Cuadernos amiguitos  |9 19061 
500 |a Registro Topográfico: 9212 
690 |a EyL 
942 |2 ddc  |c BK 
546 |a Portugal 
999 |c 40409  |d 40409 
999 |c manes:40409  |d 40409